| 000 | 00610cam a22002531 4500 | ||
|---|---|---|---|
| 001 | sa 64002640 | ||
| 003 | DLC | ||
| 005 | 20260227112011.0 | ||
| 008 | 890605s1963 ii b 000 0 urdr | ||
| 010 | _asa 64002640 | ||
| 035 | _a(OCoLC)19818567 | ||
| 040 |
_aDLC _cWaU _dDLC |
||
| 042 | _apremarc | ||
| 050 | 0 | 0 |
_aPK2167 _b.S5 |
| 100 | 1 | _aShadani, Andlib. | |
| 245 | 1 | 0 | _aTaḥqīqāt. |
| 260 | _c[1963?] | ||
| 300 |
_a444 p. _c19 cm. |
||
| 500 | _aIn Urdu. | ||
| 500 | _aText partially vocalized. | ||
| 504 | _aBibliographical footnotes. | ||
| 650 | 0 | _aUrdu poetry. | |
| 650 | 0 | _aPersian poetry. | |
| 999 |
_c57433 _d57433 |
||